[Event "Moscow Open 2009 B"]
[Site "www.moscowchessopen.ru"]
[Date "2009.02.01"]
[Round "2.48"]
[White "Voronkov, Leonid"]
[Black "Ryzhov, Vladimir"]
[Result "0-1"]
[WhiteElo "2109"]
[BlackElo "2246"]
[Annotator ""]
[Source ""]
[Remark ""]

1.d4 f5 2.e4 fxe4 3.f3 d5 4.fxe4 dxe4 5.Nc3 Nf6 6.Bf4 Bf5 7.h3
e6 8.g4 Bg6 9.Bg2 Bb4 10.Nge2 Nd5 11.O-O Bxc3 12.bxc3 O-O 13.Qd2
Nc6 14.Bg5 Qd6 15.Nf4 e3 16.Qe1 Nxf4 17.Bxf4 Rxf4 18.Qxe3 Raf8
19.Rxf4 Rxf4 20.Re1 Rf6 21.g5 Rf8 22.Qxe6+ Qxe6 23.Rxe6 Re8 24.Rxe8+
Bxe8 25.Bf3 Bg6 26.Bd1 Kf7 27.Kf2 Ke6 28.Ke3 Na5 0-1

[Event "Moscow Open 2009 B"]
[Site "www.moscowchessopen.ru"]
[Date "2009.02.01"]
[Round "2.49"]
[White "Chirva, Leonid"]
[Black "Elfert, Aleksandr V"]
[Result "0-1"]
[WhiteElo "2245"]
[BlackElo "2007"]
[Annotator ""]
[Source ""]
[Remark ""]

1.e4 c5 2.Nf3 d6 3.d4 cxd4 4.Nxd4 Nf6 5.Nc3 a6 6.Be3 Ng4 7.Bg5
h6 8.Bh4 g5 9.Bg3 Bg7 10.Be2 Ne5 11.O-O Nbc6 12.Nxc6 bxc6 13.Rb1
Be6 14.Kh1 O-O 15.Qe1 a5 16.b3 f5 17.f4 gxf4 18.Bxf4 Ng6 19.Bd2
f4 20.Bh5 Bf7 21.Ne2 e5 22.Ng1 a4 23.c4 axb3 24.axb3 Ra2 25.Ra1
Qa8 26.Rxa2 Qxa2 27.Bd1 Kh7 28.Bb4 c5 29.Bc3 Bf6 30.Nf3 Rg8 31.Rf2
Qa8 32.Rd2 Be7 33.Bc2 Be6 34.Rd1 Bg4 35.Rd2 Qc8 36.Ng1 Bg5 37.Rxd6
Qf8 38.Rd3 Nh4 39.Nf3 Nxf3 40.gxf3 Bh3 41.Bxe5 Qe7 42.Bd6 Qg7
43.Rd2 Bh4 44.Rf2 Bg2+ 45.Kg1 Bxf3+ 0-1

[Event "Moscow Open 2009 B"]
[Site "www.moscowchessopen.ru"]
[Date "2009.02.01"]
[Round "2.50"]
[White "Dudkin, Maxim"]
[Black "Kuznetsov, Kirill"]
[Result "0-1"]
[WhiteElo "2104"]
[BlackElo "2245"]
[Annotator ""]
[Source ""]
[Remark ""]

1.b4 c6 2.Bb2 a5 3.a3 axb4 4.axb4 Rxa1 5.Bxa1 Qb6 6.c3 d5 7.d4
Bf5 8.Nd2 Nf6 9.Qa4 e6 10.Ngf3 Bd6 11.e3 O-O 12.Be2 Nbd7 13.O-O
Qc7 14.h3 b5 15.Qa2 h6 16.Bb2 Nb6 17.Nb3 Ra8 18.Na5 Nc4 19.Bxc4
dxc4 20.Nd2 Bd3 21.Re1 Nd5 22.Qa3 Qe7 23.Ra1 Qf8 24.e4 Nxb4 25.e5
Be7 26.Nxc6 Rxa3 27.Nxe7+ Qxe7 28.Bxa3 Qa7 29.cxb4 Qxd4 30.Rc1
Qxe5 31.Nf3 Qf6 0-1

[Event "Moscow Open 2009 B"]
[Site "www.moscowchessopen.ru"]
[Date "2009.02.01"]
[Round "2.51"]
[White "Tappyrov, Maksim"]
[Black "Gansvind, Valeriya I"]
[Result "0-1"]
[WhiteElo "2101"]
[BlackElo "2244"]
[Annotator ""]
[Source ""]
[Remark ""]

1.e4 g6 2.Nc3 Bg7 3.f4 d6 4.Nf3 c6 5.a4 a5 6.Bc4 Na6 7.O-O Nb4
8.d3 d5 9.Bb3 Nf6 10.Kh1 O-O 11.Qe1 Nd7 12.exd5 Nc5 13.Ba2 Nxc2
14.Qf2 Nxa1 15.Qxc5 Nc2 16.dxc6 Nb4 17.cxb7 Bxb7 18.Bc4 Nxd3
19.Qe3 Nxc1 20.Rxc1 Rc8 21.b3 Bxf3 22.Qxf3 Qd2 23.Ne2 e6 24.Rf1
Rcd8 25.Qe4 Qb2 26.g4 Rd2 27.Qe3 Qc2 28.Kg2 Bd4 29.Qf3 Rc8 30.Re1
Bf6 31.Kh3 Rxc4 32.Rc1 Qxc1 33.Nxc1 Rc3 0-1

[Event "Moscow Open 2009 B"]
[Site "www.moscowchessopen.ru"]
[Date "2009.02.01"]
[Round "2.52"]
[White "Rozhkov, Vecheslav"]
[Black "Martynenko, Alexey"]
[Result "0-1"]
[WhiteElo "2243"]
[BlackElo "1968"]
[Annotator ""]
[Source ""]
[Remark ""]

1.e4 e5 2.Nf3 Nc6 3.d4 exd4 4.Bc4 Nf6 5.e5 d5 6.Bb5 Ne4 7.Nxd4
Bd7 8.Bxc6 bxc6 9.O-O Bc5 10.f3 Ng5 11.Be3 Bb6 12.Qd2 Ne6 13.f4
Nxd4 14.Bxd4 Bf5 15.Qc3 Qd7 16.Nd2 O-O 17.Nb3 f6 18.Rae1 fxe5
19.Rxe5 Rae8 20.a4 Be4 21.Rg5 h6 22.Rg3 Bxd4+ 23.Nxd4 Rf6 24.Qc5
a6 25.c3 Ref8 26.Ne2 h5 27.h4 Qf7 28.Qd4 Rg6 29.Kh2 Qe7 30.Rxg6
Bxg6 31.Qf2 Bd3 32.Re1 Re8 33.Nc1 Qxe1 34.Qxe1 Rxe1 35.Nxd3 Re4
36.a5 Ra4 37.b4 Ra3 38.Nc5 Rxc3 39.Nxa6 Rc4 40.Kg3 Kf7 41.Kf3
Ke7 42.Ke3 Kd6 43.g3 c5 44.bxc5+ Kc6 45.Nb8+ Kb7 46.Nd7 Kc8 47.Nf8
Rxc5 48.Ne6 Rxa5 49.Kd4 g6 50.Nf8 c6 51.Nxg6 Ra3 52.f5 Rxg3 53.Ne5
Kc7 54.f6 Kd6 55.Nf7+ Ke6 56.Nd8+ Kxf6 57.Nxc6 Ke6 58.Nd8+ Kd7
59.Nf7 Ke7 60.Ne5 Ke6 61.Nd3 Rxd3+ 62.Kxd3 Kf5 0-1

[Event "Moscow Open 2009 B"]
[Site "www.moscowchessopen.ru"]
[Date "2009.02.01"]
[Round "2.53"]
[White "Petukhov, Yury"]
[Black "Zernyshkin, Vladislav"]
[Result "1-0"]
[WhiteElo "2098"]
[BlackElo "2242"]
[Annotator ""]
[Source ""]
[Remark ""]

1.c3 e6 2.Qa4 c6 3.d3 d5 4.g4 Bd6 5.Bg2 Ne7 6.h4 e5 7.g5 Be6
8.Nd2 Nd7 9.Nf1 f5 10.gxf6 Nxf6 11.h5 Qb6 12.Qb3 O-O 13.Be3 Bc5
14.Qxb6 axb6 15.Nf3 Nd7 16.Ng5 Bf5 17.h6 g6 18.Bd2 Nf6 19.Ne3
Bd7 20.b4 Bd6 21.c4 b5 22.O-O bxc4 23.dxc4 d4 24.Nc2 Bf5 25.e4
Bg4 26.c5 Bc7 27.Rfe1 Nh5 28.Bf1 Kh8 29.Bc4 Ng8 30.f3 Rxf3 31.Nxf3
Bxf3 32.Rf1 Bxe4 33.Rf7 Bxc2 34.Rxc7 Nf4 35.Re1 Nh3+ 36.Kg2 Nf4+
37.Kh1 Nd5 38.Bxd5 cxd5 39.Rxe5 Rxa2 40.Bf4 Ra6 41.Re8 Be4+ 42.Rxe4
dxe4 43.Be5+ Rf6 44.Rc8 1-0

[Event "Moscow Open 2009 B"]
[Site "www.moscowchessopen.ru"]
[Date "2009.02.01"]
[Round "2.54"]
[White "Stets, Vasilij"]
[Black "Radivilov, Igor"]
[Result "1-0"]
[WhiteElo "2239"]
[BlackElo "1947"]
[Annotator ""]
[Source ""]
[Remark ""]

1.e4 c6 2.c4 d5 3.cxd5 cxd5 4.exd5 Qxd5 5.Nc3 Qa5 6.d4 e6 7.Nf3
Nc6 8.a3 Nf6 9.Bd3 Be7 10.O-O O-O 11.Be3 Nd5 12.Ne4 Nxe3 13.fxe3
b6 14.Nc3 Qh5 15.Ne2 Bb7 16.Nf4 Qh6 17.Qe1 Bd6 18.Nh3 Ne7 19.Nfg5
g6 20.e4 Nc6 21.e5 Be7 22.Qg3 Bxg5 23.Nxg5 Nxd4 24.Rf4 Nf5 25.Bxf5
exf5 26.Rh4 Qg7 27.Rxh7 Qxh7 28.Nxh7 Kxh7 29.Qh4+ Kg8 30.Re1
Bd5 31.Re3 Rfc8 32.Rh3 Kf8 33.Qh8+ Ke7 34.Qf6+ 1-0

[Event "Moscow Open 2009 B"]
[Site "www.moscowchessopen.ru"]
[Date "2009.02.01"]
[Round "2.55"]
[White "Samatov, Anatolij"]
[Black "Melkonian, Vardan"]
[Result "0-1"]
[WhiteElo "2098"]
[BlackElo "2238"]
[Annotator ""]
[Source ""]
[Remark ""]

1.Nf3 d5 2.d4 Bf5 3.c4 e6 4.cxd5 exd5 5.Nc3 c6 6.Bf4 Nd7 7.e3
Be7 8.h3 Qb6 9.Qd2 Ngf6 10.Bd3 Ne4 11.Qc2 Ndf6 12.O-O O-O 13.Na4
Qd8 14.Ne5 Bg6 15.a3 Rc8 16.Rac1 Re8 17.Rfd1 Bf8 18.b4 Nd6 19.Bxg6
hxg6 20.Qb3 b5 21.Nc5 Nc4 22.Ncd3 Nd7 23.a4 Ndxe5 24.Bxe5 a6
25.axb5 axb5 26.Ra1 Ra8 27.Bf4 Qb6 28.Ra2 Ra6 29.Rda1 Rea8 30.Kh2
Rxa2 31.Rxa2 Ra6 32.g4 Qa7 33.Rxa6 Qxa6 34.Kg2 Qa4 35.Qc3 f6
36.Bc7 g5 37.Bg3 Qd1 38.Nb2 Qa1 0-1

[Event "Moscow Open 2009 B"]
[Site "www.moscowchessopen.ru"]
[Date "2009.02.01"]
[Round "2.56"]
[White "Gharagyozian, Artur"]
[Black "Pristalov, Evgeny"]
[Result "1-0"]
[WhiteElo "2233"]
[BlackElo "1905"]
[Annotator ""]
[Source ""]
[Remark ""]

1.e4 Nf6 2.e5 Nd5 3.d4 d6 4.Nf3 Bg4 5.Be2 c6 6.O-O Bxf3 7.Bxf3
dxe5 8.dxe5 e6 9.Qe2 Nd7 10.c4 Ne7 11.Bg4 Ng6 12.f4 Bc5+ 13.Kh1
O-O 14.Nc3 Qc7 15.Ne4 Rad8 16.Rd1 a5 17.Rxd7 Qxd7 18.Nxc5 Qe7
19.Ne4 b6 20.Be3 c5 21.Bh5 Nh4 22.Bg4 Ng6 23.Rf1 Rd7 24.Bh5 f5
25.Bxg6 fxe4 26.Bxe4 g6 27.Bc6 Rc7 28.Ba4 Rd8 29.Kg1 Qf7 30.Rd1
Qe7 31.Rxd8+ Qxd8 32.Qd2 Qxd2 33.Bxd2 Kf7 34.Be1 g5 35.fxg5 Kg6
36.h4 Kf5 37.Bc2+ Kf4 38.g6 hxg6 39.Bxg6 Rd7 40.h5 Kxe5 41.h6
Kf6 42.h7 Rd8 43.Bh4+ 1-0

[Event "Moscow Open 2009 B"]
[Site "www.moscowchessopen.ru"]
[Date "2009.02.01"]
[Round "2.57"]
[White "Loginov, Anton"]
[Black "Glushkov, Lev"]
[Result "1-0"]
[WhiteElo "2232"]
[BlackElo "1897"]
[Annotator ""]
[Source ""]
[Remark ""]

1.d4 d5 2.c4 e6 3.Nc3 c6 4.Nf3 f5 5.Bf4 Nf6 6.e3 Bd6 7.Bxd6 Qxd6
8.Bd3 O-O 9.Qc2 Nbd7 10.cxd5 cxd5 11.O-O a6 12.Rac1 Ne4 13.Ne2
Ndf6 14.Ne5 Nd7 15.Qc7 Qe7 16.Rc2 Nd6 17.Rfc1 Ne8 18.Qa5 Nxe5
19.dxe5 Bd7 20.Qb6 g6 21.Qxb7 Ng7 22.Qc7 Rfb8 23.Nd4 Ne8 24.Qa5
Bb5 25.Qd2 Qd7 26.b3 Rb7 27.a4 Bxd3 28.Qxd3 Nc7 29.Qc3 Rab8 30.Qc6
Qf7 31.Qd6 Ne8 32.Qxa6 Rb6 33.Qa5 f4 34.Qd2 g5 35.a5 R6b7 36.a6
Rd7 37.Rc6 Re7 38.Rc8 Rxc8 39.Rxc8 Ra7 40.Qa5 1-0

[Event "Moscow Open 2009 B"]
[Site "www.moscowchessopen.ru"]
[Date "2009.02.01"]
[Round "2.58"]
[White "Andreev, Gennadiy"]
[Black "Grishin, Alexander"]
[Result "0-1"]
[WhiteElo "2095"]
[BlackElo "2231"]
[Annotator ""]
[Source ""]
[Remark ""]

1.e4 c6 2.d4 d5 3.Nd2 dxe4 4.Nxe4 Nd7 5.Bc4 e6 6.Ne2 Ngf6 7.Bg5
Qa5+ 8.Bd2 Qc7 9.N2g3 Be7 10.Ng5 h6 11.Nf3 b6 12.Qe2 O-O 13.O-O
Bd6 14.Bd3 Bb7 15.Rfe1 c5 16.c3 Rad8 17.Ne5 Nxe5 18.dxe5 Bxe5
19.Rad1 Qc6 20.f3 Bd6 21.Ne4 Nxe4 22.fxe4 Bxh2+ 23.Kh1 Be5 24.Bb5
Qc7 25.Qh5 Bf4 26.Qe2 Bxd2 27.Rxd2 Qf4 28.Rd3 Rxd3 29.Bxd3 Rd8
30.Rf1 Qh4+ 31.Kg1 c4 32.Bc2 Qg5 33.Rf2 b5 34.b3 cxb3 35.axb3
Qc5 36.c4 bxc4 37.bxc4 Ba6 38.Bd3 Qd4 39.Bc2 Bxc4 40.Qh5 e5 41.Qf3
Rd6 0-1

[Event "Moscow Open 2009 B"]
[Site "www.moscowchessopen.ru"]
[Date "2009.02.01"]
[Round "2.59"]
[White "Mikhailov, Alexander B."]
[Black "Leonov, Dmitry"]
[Result "1-0"]
[WhiteElo "2227"]
[BlackElo "1892"]
[Annotator ""]
[Source ""]
[Remark ""]

1.Nf3 Nf6 2.c4 e6 3.g3 d5 4.Bg2 dxc4 5.Qa4+ Qd7 6.Qxc4 Qc6 7.b3
Bd7 8.O-O Qxc4 9.bxc4 Bc6 10.Nc3 a6 11.Rb1 Nbd7 12.d4 O-O-O 13.Ng5
Bxg2 14.Kxg2 Re8 15.Nxf7 Rg8 16.f4 Be7 17.Ng5 Bf8 18.e4 h6 19.Nf3
c5 20.e5 Nh7 21.d5 exd5 22.cxd5 b5 23.d6 g5 24.Kh1 gxf4 25.gxf4
h5 26.Nd5 Kb7 27.Re1 Kc6 28.Nc7 Rb8 29.Be3 Rb6 30.Rbc1 Bxd6 31.exd6
Kxd6 32.Ne8+ Rxe8 33.Bxc5+ Nxc5 34.Rxe8 Nf6 35.Rd1+ Kc7 36.Re7+
Kc8 37.Ng5 Ng4 38.Rd5 Nf2+ 39.Kg1 Ncd3 40.Rf5 Rd6 41.Rf8+ Rd8
42.Rxd8+ Kxd8 43.Re2 a5 44.Rxf2 Nxf2 45.Kxf2 Ke7 46.Ke3 Kf6 47.Ne4+
Ke6 48.Nc3 b4 49.Na4 Kd5 50.Kd3 Ke6 51.Ke4 Kf6 52.h4 Ke6 53.f5+
Kf7 54.Ke5 1-0

[Event "Moscow Open 2009 B"]
[Site "www.moscowchessopen.ru"]
[Date "2009.02.01"]
[Round "2.60"]
[White "Lagashin, Pavel"]
[Black "Tukhvatullin, Vladislav"]
[Result "0-1"]
[WhiteElo "2095"]
[BlackElo "2227"]
[Annotator ""]
[Source ""]
[Remark ""]

1.Nf3 c5 2.g3 Nc6 3.Bg2 e5 4.d3 g6 5.c4 Bg7 6.Nc3 Nge7 7.O-O
O-O 8.a3 d6 9.Rb1 a5 10.Ne1 f5 11.Nc2 f4 12.b4 axb4 13.axb4 cxb4
14.Nxb4 g5 15.Nbd5 Nxd5 16.Nxd5 Nd4 17.Bb2 Ra2 18.Nb4 Ra7 19.Bxd4
exd4 20.Qb3 Kh8 21.Nd5 Qe8 22.Rb2 Be5 23.Qb6 Ra3 24.Nc7 Qh5 25.Bxb7
Bg4 26.Nb5 fxg3 27.hxg3 Bxg3 28.fxg3 Rxf1+ 29.Kxf1 Ra1+ 30.Kf2
Qh2+ 31.Bg2 Qg1# 0-1

[Event "Moscow Open 2009 B"]
[Site "www.moscowchessopen.ru"]
[Date "2009.02.01"]
[Round "2.61"]
[White "Ivanets, Vladimir"]
[Black "Sadikhov, Ulvi Ramil Oglu"]
[Result "1-0"]
[WhiteElo "2223"]
[BlackElo "1885"]
[Annotator ""]
[Source ""]
[Remark ""]

1.b4 Nf6 2.Nf3 g6 3.Bb2 Bg7 4.e4 d6 5.Bc4 O-O 6.d3 Nbd7 7.O-O
c6 8.Bb3 a5 9.a3 b5 10.Re1 c5 11.Nc3 a4 12.Ba2 Rb8 13.Nd5 Nxd5
14.Bxg7 Kxg7 15.Bxd5 e6 16.Ba2 Qc7 17.c3 Bb7 18.Qd2 Nb6 19.Rac1
Rfc8 20.h3 Qd7 21.Qe3 Ba8 22.Nh2 c4 23.d4 Re8 24.Ng4 Qe7 25.Qh6+
Kg8 26.e5 Nd7 27.Bb1 dxe5 28.dxe5 Qf8 29.Qf4 Qg7 30.Rcd1 g5 31.Qe3
Bd5 32.Be4 h5 33.Bxd5 exd5 34.Rxd5 Rbd8 35.Nh2 f6 36.e6 Ne5 37.Rxd8
Rxd8 38.Qb6 Qe7 39.Nf3 Nxf3+ 40.gxf3 Rd5 41.Qc6 Re5 42.Rxe5 fxe5
43.Qd5 Qf6 44.e7+ 1-0

[Event "Moscow Open 2009 B"]
[Site "www.moscowchessopen.ru"]
[Date "2009.02.01"]
[Round "2.62"]
[White "Gorshkov, Anatoly"]
[Black "Pogosian, Georgy"]
[Result "0-1"]
[WhiteElo "2093"]
[BlackElo "2219"]
[Annotator ""]
[Source ""]
[Remark ""]

1.e4 e6 2.Nf3 d5 3.e5 c5 4.b4 cxb4 5.a3 bxa3 6.Bxa3 Ne7 7.d4
g6 8.Bd3 Bg7 9.h4 h6 10.Nbd2 Bd7 11.c4 Bc6 12.cxd5 exd5 13.Qe2
Bd7 14.h5 g5 15.Nh2 Nbc6 16.Qe3 Be6 17.g4 Qd7 18.f3 a6 19.O-O
Rc8 20.Nb3 Bxe5 21.Be2 Bf4 22.Qd3 b6 23.Kg2 a5 24.Rfd1 O-O 25.Qb5
Nb4 26.Qxb6 Rc2 27.Re1 Nd3 28.Nc5 Nxc5 29.Bxc5 Rb8 30.Qa6 Rbb2
31.Nf1 Bxg4 32.Ng3 Bh3+ 33.Kf2 Rc3 34.Nf1 Bxf1 35.Bxe7 0-1

[Event "Moscow Open 2009 B"]
[Site "www.moscowchessopen.ru"]
[Date "2009.02.01"]
[Round "2.63"]
[White "Shmatkov, Mikhail"]
[Black "Tamarovskiy, Andrey"]
[Result "1-0"]
[WhiteElo "2219"]
[BlackElo "1883"]
[Annotator ""]
[Source ""]
[Remark ""]

1.e4 e5 2.Nf3 d6 3.d4 exd4 4.Nxd4 Nf6 5.Nc3 Be7 6.Bc4 O-O 7.O-O
a6 8.a4 Nbd7 9.Nf5 Ne5 10.Nxe7+ Qxe7 11.Be2 c6 12.a5 Be6 13.f4
Bc4 14.fxe5 Bxe2 15.exf6 Qxf6 16.Qxe2 Qe6 17.Bf4 Rfe8 18.Qf3
Qg6 19.Rad1 Rad8 20.Rd3 1-0

[Event "Moscow Open 2009 B"]
[Site "www.moscowchessopen.ru"]
[Date "2009.02.01"]
[Round "2.64"]
[White "Botoyan, Smbat"]
[Black "Aghasaryan, Robert"]
[Result "0-1"]
[WhiteElo "2092"]
[BlackElo "2218"]
[Annotator ""]
[Source ""]
[Remark ""]

1.d4 d5 2.c4 e6 3.Nf3 c6 4.e3 Nf6 5.Nc3 Nbd7 6.Bd3 b6 7.O-O Bb7
8.e4 dxe4 9.Nxe4 Be7 10.Bf4 Nxe4 11.Bxe4 Nf6 12.Bc2 O-O 13.Be5
c5 14.Ng5 h6 15.Qd3 Re8 16.Nxf7 Kxf7 17.Qg6+ Kg8 18.Rad1 Rf8
19.d5 Qe8 20.Qd3 Qh5 21.Rfe1 exd5 22.cxd5 c4 23.Qxc4 Bc5 24.Rd2
Rae8 25.d6+ Kh8 0-1

[Event "Moscow Open 2009 B"]
[Site "www.moscowchessopen.ru"]
[Date "2009.02.01"]
[Round "2.65"]
[White "Poghosyan, Suren"]
[Black "Nizhegorodtsev, Dmitry"]
[Result "1-0"]
[WhiteElo "2218"]
[BlackElo "1879"]
[Annotator ""]
[Source ""]
[Remark ""]

1.Nf3 Nf6 2.d4 d5 3.Bg5 Nbd7 4.e3 h6 5.Bh4 c5 6.c3 e6 7.Nbd2
Be7 8.Bd3 O-O 9.Ne5 Ne8 10.Bg3 Nxe5 11.dxe5 d4 12.exd4 cxd4 13.c4
f5 14.exf6 Nxf6 15.O-O Bd6 16.Nf3 Kh8 17.Bc2 Bc5 18.Qd3 Kg8 19.Be5
Bd7 20.Rae1 Bc6 21.Nxd4 Be4 22.Rxe4 Nxe4 23.Qxe4 Qg5 24.h4 1-0

[Event "Moscow Open 2009 B"]
[Site "www.moscowchessopen.ru"]
[Date "2009.02.01"]
[Round "2.66"]
[White "Bykov, Evgeny"]
[Black "Bolshakov, Dmitry"]
[Result "1/2-1/2"]
[WhiteElo "2090"]
[BlackElo "2217"]
[Annotator ""]
[Source ""]
[Remark ""]

1.e4 c5 2.Nf3 d6 3.d4 cxd4 4.Nxd4 Nf6 5.Nc3 a6 6.g3 e6 7.Bg2
Be7 8.O-O O-O 9.Be3 Qc7 10.g4 Nfd7 11.f4 Nb6 12.Kh1 Nc4 13.Bc1
Nc6 14.g5 Nxd4 15.Qxd4 f6 16.h4 fxg5 17.hxg5 Rf7 18.b3 Nb6 19.Bb2
Bd7 20.Qd2 Raf8 21.Ne2 d5 22.e5 Bb5 23.Nd4 Bxf1 24.Rxf1 Rc8 25.Bh3
Bc5 26.Bxe6 Bxd4 27.Bxd4 Re8 28.Bxb6 Qxb6 29.Bxf7+ Kxf7 30.Qxd5+
Kf8 31.Rd1 Qf2 32.Qd4 Qxc2 33.Rd2 Qf5 34.Kg2 Qg4+ 35.Kf2 Qh4+
36.Ke2 Qg4+ 37.Kd3 Qf3+ 38.Kc2 Qg4 39.Kb2 Qf5 40.Qd6+ Kg8 41.Qd7
Qf8 42.e6 g6 43.Kb1 Qf5+ 44.Kc1 Qxe6 45.Qxe6+ Rxe6 46.Rd7 b5
47.Ra7 Re4 48.Rxa6 Rxf4 49.Ra5 b4 50.Kd2 h5 51.gxh6 Kh7 52.Ke3
Rh4 53.Ra4 Kxh6 54.a3 Rh3+ 55.Kf4 bxa3 56.Rxa3 g5+ 57.Kg4 Rh4+
58.Kg3 Rb4 59.Ra6+ Kh5 60.Ra3 Rd4 61.b4 Rxb4 62.Kh3 Rb1 63.Kg2
g4 64.Ra5+ Kh4 65.Ra3 Rb2+ 66.Kg1 Rc2 67.Rb3 Ra2 68.Rc3 Ra8 69.Kg2
Ra4 70.Rb3 Rc4 1/2-1/2

[Event "Moscow Open 2009 B"]
[Site "www.moscowchessopen.ru"]
[Date "2009.02.01"]
[Round "2.67"]
[White "Matyushin, Lev"]
[Black "Likhoman, Mikhail"]
[Result "0-1"]
[WhiteElo "1865"]
[BlackElo "2217"]
[Annotator ""]
[Source ""]
[Remark ""]

1.d4 Nf6 2.c4 e6 3.Nc3 Bb4 4.Qc2 c5 5.e3 O-O 6.Bd3 d5 7.Nf3 Nc6
8.a3 Bxc3+ 9.bxc3 dxc4 10.Bxc4 Qc7 11.Bd3 e5 12.dxc5 Bg4 13.Ng5
h6 14.Ne4 Nxe4 15.Bxe4 Rad8 16.O-O f5 17.Bd3 e4 18.Bc4+ Kh8 19.a4
Ne5 20.Be2 Bxe2 21.Qxe2 Rd3 22.Qc2 Rfd8 23.Rb1 R8d7 24.c4 Qxc5
25.Bb2 Qxc4 26.Qe2 Qd5 27.Qh5 Qf7 28.Qxf7 Nxf7 29.Bd4 a6 30.h4
Nd8 31.a5 Nc6 32.Bb6 Ra3 33.Ra1 Rxa1 34.Rxa1 Rd5 35.Kf1 Rb5 36.g3
Kg8 37.Kg2 Ne5 38.Rc1 Nc6 39.Rc2 Nxa5 40.Rc8+ Kh7 41.Bd4 Nb3
42.Bc3 Rc5 0-1

[Event "Moscow Open 2009 B"]
[Site "www.moscowchessopen.ru"]
[Date "2009.02.01"]
[Round "2.68"]
[White "Kharlamov, Igor"]
[Black "Shamugia, Shavleg"]
[Result "1/2-1/2"]
[WhiteElo "2088"]
[BlackElo "2215"]
[Annotator ""]
[Source ""]
[Remark ""]

1.Nf3 Nf6 2.c4 g6 3.Nc3 Bg7 4.e4 d6 5.d4 O-O 6.Be2 e5 7.O-O Nbd7
8.d5 Nh5 9.Bg5 f6 10.Be3 Nf4 11.b4 f5 12.exf5 Nxe2+ 13.Qxe2 gxf5
14.Bg5 Nf6 15.c5 Kh8 16.Rac1 a6 17.a4 Bd7 18.b5 e4 19.Nd4 dxc5
20.Ne6 Bxe6 21.dxe6 Qd6 22.Rfd1 Qxe6 23.Bxf6 Bxf6 24.Nd5 Be5
25.Rxc5 Rf7 26.Rdc1 Qd6 27.g3 Bd4 28.Nxc7 Bxc5 29.Nxa8 axb5 30.axb5
b6 31.Rd1 Qf8 32.Qb2+ Kg8 33.Qa2 Kg7 34.Qa1+ Kg6 35.Qa6 Qe8 36.Ra1
Qd8 37.Qa2 Qd4 38.Rf1 h5 39.Qe6+ Kg7 40.Qc6 Qd8 41.Kg2 Ra7 42.Nxb6
Qxb6 43.Qe8 Rf7 44.Qe5+ Kg8 45.Rc1 Bf8 46.Rc6 Qd8 47.b6 Qd1 48.Qf4
Qg4 49.Qe3 f4 50.Qb3 f3+ 51.Kf1 Qg7 52.Ke1 Qa1+ 53.Kd2 1/2-1/2

[Event "Moscow Open 2009 B"]
[Site "www.moscowchessopen.ru"]
[Date "2009.02.01"]
[Round "2.69"]
[White "Nozdrachev, Leonid"]
[Black "Basencyan, Mark"]
[Result "1-0"]
[WhiteElo "2215"]
[BlackElo "1848"]
[Annotator ""]
[Source ""]
[Remark ""]

1.e4 e5 2.Nf3 Nc6 3.Bc4 Be7 4.d4 d6 5.h3 Nf6 6.Nc3 O-O 7.Be3
a6 8.a4 Re8 9.Ng5 Rf8 10.d5 Nb8 11.Qe2 Nbd7 12.a5 b5 13.axb6
cxb6 14.O-O a5 15.b4 Bb7 16.bxa5 bxa5 17.Rfb1 Qc8 18.Qd3 Nh5
19.g3 Bxg5 20.Bxg5 Ndf6 21.Kg2 Qd7 22.Bb5 Qc7 23.Ra4 Rfc8 24.Rb3
h6 25.Be3 Nh7 26.Rc4 Qe7 27.Bc6 Ba6 28.Nb5 Rab8 29.Ra4 Bxb5 30.Bxb5
Qc7 31.c4 N5f6 32.Rba3 Ra8 33.Bc6 Ra6 34.c5 Rxc6 35.dxc6 dxc5
36.Rxa5 Rd8 37.Qxd8+ 1-0

[Event "Moscow Open 2009 B"]
[Site "www.moscowchessopen.ru"]
[Date "2009.02.01"]
[Round "2.70"]
[White "Panko, Alexander"]
[Black "Bujakevich, Aleksandr"]
[Result "0-1"]
[WhiteElo "2087"]
[BlackElo "2213"]
[Annotator ""]
[Source ""]
[Remark ""]

1.d4 Nf6 2.Bg5 c5 3.d5 Qb6 4.b3 Ne4 5.Bc1 Qf6 6.f3 Qxa1 7.fxe4
Qxb1 8.Nf3 g6 9.e3 Bg7 10.e5 d6 11.Bd3 O-O 12.O-O Qxa2 13.e6
fxe6 14.Ng5 Rxf1+ 15.Kxf1 Nd7 16.Nxe6 Ne5 17.Nxg7 Kxg7 18.Bd2
Bg4 19.Qe1 Rf8+ 0-1

[Event "Moscow Open 2009 B"]
[Site "www.moscowchessopen.ru"]
[Date "2009.02.01"]
[Round "2.71"]
[White "Shabanov, Nurlan Mammad Oglu"]
[Black "Demidov, Alexandr"]
[Result "0-1"]
[WhiteElo "1825"]
[BlackElo "2209"]
[Annotator ""]
[Source ""]
[Remark ""]

1.d4 d5 2.c4 e6 3.Nc3 Nf6 4.cxd5 exd5 5.Bg5 Nbd7 6.e3 Bb4 7.Bd3
c5 8.Nf3 Qa5 9.Qc2 c4 10.Bf5 O-O 11.Bxd7 Nxd7 12.O-O Re8 13.Bf4
Nf8 14.a3 Bxc3 15.Qxc3 Qxc3 16.bxc3 Bf5 17.Ra2 Nd7 18.a4 Re6
19.a5 a6 20.Ne5 Nf6 21.Rb2 Ne4 22.Rc1 g5 23.Bg3 Re7 24.Nf3 f6
25.Nd2 Nxg3 26.hxg3 Rc8 27.Ra1 Kf7 28.Raa2 Rc6 29.Rb4 Bc8 30.Nb1
Ke8 31.Na3 Kd8 32.Nc2 Bf5 33.Na3 Kc8 34.Rab2 Kb8 35.Kf1 Bd3+
36.Kg1 f5 37.Nc2 Ka7 38.Ne1 g4 39.Kh2 b6 40.axb6+ Kb7 41.Kg1
Ree6 42.Nxd3 cxd3 43.Kf1 Rxc3 44.Ke1 Rec6 45.R4b3 Rc2 46.Kd1
Rxb2 47.Rxb2 Rc2 48.Rb3 Rxf2 49.Rxd3 Rxg2 50.Rc3 Rxg3 51.Ke2
f4 52.Kf2 Rxe3 53.Rc7+ Kxb6 54.Rxh7 Kb5 55.Rf7 Kc4 0-1

[Event "Moscow Open 2009 B"]
[Site "www.moscowchessopen.ru"]
[Date "2009.02.01"]
[Round "2.72"]
[White "Simonian, Tigran"]
[Black "Zaitsev, Vladimir"]
[Result "1-0"]
[WhiteElo "2207"]
[BlackElo "1780"]
[Annotator ""]
[Source ""]
[Remark ""]

1.d4 f5 2.c4 Nf6 3.g3 e6 4.Bg2 d5 5.Nh3 c6 6.O-O Bd6 7.Qc2 O-O
8.Bf4 Nh5 9.Bxd6 Qxd6 10.e3 Nd7 11.Nd2 Qe7 12.Nf4 Nhf6 13.Nf3
Ne4 14.Nd3 g5 15.Nfe5 Nef6 16.f3 Nxe5 17.Nxe5 Nd7 18.Nd3 Nf6
19.Rae1 Qd6 20.Qc3 g4 21.b4 gxf3 22.Bxf3 Bd7 23.a4 Be8 24.Nf4
a6 25.Rb1 Bf7 26.c5 Qd7 27.Qb2 Rfb8 28.Qe2 Kh8 29.Nd3 Qe8 30.Ne5
Bh5 31.Bxh5 Nxh5 32.b5 axb5 33.axb5 Nf6 34.bxc6 bxc6 35.Rb6 Rxb6
36.cxb6 Qb8 37.Rb1 c5 38.b7 Ra7 39.Qb2 Ra6 40.dxc5 1-0

[Event "Moscow Open 2009 B"]
[Site "www.moscowchessopen.ru"]
[Date "2009.02.01"]
[Round "2.73"]
[White "Gorishniy, Yuri"]
[Black "Anarkulov, A"]
[Result "0-1"]
[WhiteElo "2085"]
[BlackElo "2202"]
[Annotator ""]
[Source ""]
[Remark ""]

1.Nf3 Nf6 2.c4 g6 3.Nc3 Bg7 4.e4 O-O 5.d4 d6 6.Be2 e5 7.O-O Nc6
8.d5 Ne7 9.b4 a5 10.Ba3 Nh5 11.c5 Nf4 12.Bc4 Bg4 13.h3 Bh5 14.Kh2
f5 15.g3 fxe4 16.Nxe4 Nxh3 17.Be2 Nf4 18.gxf4 Rxf4 19.Ng3 Bxf3
20.Bxf3 Qd7 21.Kg2 Nf5 22.Be2 Rf8 23.Nxf5 Qxf5 24.f3 Qg5+ 25.Kf2
Qh4+ 26.Kg2 R8f5 27.Rg1 e4 0-1

[Event "Moscow Open 2009 B"]
[Site "www.moscowchessopen.ru"]
[Date "2009.02.01"]
[Round "2.74"]
[White "Kurukin, Dmitry"]
[Black "Litvinov, Konstantin"]
[Result "1-0"]
[WhiteElo "2202"]
[BlackElo "1768"]
[Annotator ""]
[Source ""]
[Remark ""]

1.d4 d5 2.c4 e6 3.Nc3 c6 4.Nf3 Bd6 5.e4 dxc4 6.Bxc4 Nd7 7.O-O
Ne7 8.Qe2 Qc7 9.e5 Bb4 10.Ne4 Nd5 11.a3 Be7 12.Bg5 Bf8 13.Rac1
N7b6 14.Bd3 h6 15.Bd2 Be7 16.Rfe1 Nd7 17.h4 b6 18.Nh2 Bb7 19.h5
Rc8 20.Qg4 Bf8 21.f4 c5 22.f5 Qc6 23.Nf3 Kd8 24.b4 exf5 25.Qxf5
Qe6 26.Qxe6 fxe6 27.bxc5 bxc5 28.Nd6 Bxd6 29.exd6 Re8 30.Bg6
Rf8 31.Rxe6 c4 32.Ba5+ N7b6 33.Ne5 Nf4 34.Re7 Ne2+ 35.Kh2 Nxc1
36.Rd7# 1-0

[Event "Moscow Open 2009 B"]
[Site "www.moscowchessopen.ru"]
[Date "2009.02.01"]
[Round "2.75"]
[White "Romanov, Sergey"]
[Black "Spichkin, Alexander"]
[Result "0-1"]
[WhiteElo "2083"]
[BlackElo "2201"]
[Annotator ""]
[Source ""]
[Remark ""]

1.e4 Nf6 2.Nc3 d5 3.e5 Nfd7 4.Nxd5 Nxe5 5.Ne3 c5 6.f4 Nec6 7.Nf3
g6 8.g3 Bg7 9.Bg2 O-O 10.O-O Na6 11.Kh1 Nc7 12.d3 Nb5 13.c3 Nd6
14.Qe2 Bd7 15.Rd1 Rb8 16.d4 cxd4 17.cxd4 Qc8 18.Ne5 Bh3 19.Bf3
h5 20.b3 Nf5 21.Bb2 Nxe3 22.Qxe3 Nxe5 23.dxe5 Bg4 24.Rac1 Bxf3+
25.Qxf3 Qf5 26.Ba3 Rfe8 27.Qd3 Qg4 28.Kg2 Bh6 29.Qf3 Qf5 30.Rd2
h4 31.Rcd1 h3+ 32.Kg1 b6 33.Qd3 Qg4 34.Kf2 a5 35.Qd7 e6 36.Qd3
Qh5 37.Qf3 Qf5 38.Rd4 b5 39.Re4 Qh5 40.g4 Qh4+ 41.Qg3 Qxg3+ 42.Kxg3
g5 43.fxg5 Bxg5 44.Kxh3 Rbc8 45.Re2 Red8 46.Rxd8+ Rxd8 47.Bd6
Rc8 48.Rf2 Rc3+ 49.Kg2 Kg7 50.Re2 Kg6 51.Rf2 Be3 52.Re2 Kg5 53.Be7+
Kxg4 54.Bd8 a4 55.bxa4 bxa4 56.Ba5 Rd3 57.Be1 Kf5 58.Bg3 Rd2
59.Rxd2 Bxd2 60.Kf3 Bc3 61.h4 Bxe5 62.Be1 Bf4 63.Ba5 e5 64.Bd8
e4+ 65.Kf2 Kg4 66.Ke2 0-1